000 00591nam a2200229Ia 4500
005 20250425162215.0
008 250425s9999 xx 000 0 und d
020 _a9702605407
041 _aspa
082 _a658.5
100 _aBALLOU, RONALD H.
245 0 _aLOGÍSTICA: ADMINISTRACIÓN DE LA CADENA DE SUMINISTRO
250 _a5A ED.
260 _aMEXICO
260 _aMéxico
_bPEARSON EDUCACION
_c2004
300 _a789
650 _aESTRATEGIA COMPETITIVA
650 _aLOGISTICA EMPRESARIAL
650 _aSERVICIOS AL CLIENTE-GESTION
942 _c01
010 _a56716
999 _c224511
_d224511